000
00264nam a2200097Ia 4500
001
653745
005
20250826154504.0
008
250824s9999 xx 000 0 und d
245
0
_a
1 MİNİ VE MIRNAV KEDİ
_c
CHRİSTİNE NÖSTLİNGER
260
_b
GÜNIŞIĞI YAYINLARI
999
_c
653745
_d
653745